<?xml version="1.0" encoding="UTF-8"?>
<collection xmlns="http://www.loc.gov/MARC21/slim">
<record>
  <controlfield tag="001">132006</controlfield>
  <controlfield tag="005">20240308105336.0</controlfield>
  <datafield tag="024" ind1="7" ind2=" ">
    <subfield code="2">doi</subfield>
    <subfield code="a">10.26754/CINAIC.2023.0105</subfield>
  </datafield>
  <datafield tag="037" ind1=" " ind2=" ">
    <subfield code="a">COMPON-2023-CINAIC-0105</subfield>
  </datafield>
  <datafield tag="041" ind1=" " ind2=" ">
    <subfield code="a"></subfield>
  </datafield>
  <datafield tag="100" ind1=" " ind2=" ">
    <subfield code="a">Pérez-Medina,  Rosmeri</subfield>
    <subfield code="u">Universidad de La Guajira, Colombia</subfield>
  </datafield>
  <datafield tag="245" ind1=" " ind2=" ">
    <subfield code="a">Aprendizaje vivencial para el fortalecimiento de la competencia comunicativa en inglés en un programa de pregrado de la Universidad de La Guajira sede Fonseca.</subfield>
  </datafield>
  <datafield tag="260" ind1=" " ind2=" ">
    <subfield code="a">Zaragoza</subfield>
    <subfield code="b">Universidad de Zaragoza, Servicio de Publicaciones</subfield>
    <subfield code="c">2023</subfield>
  </datafield>
  <datafield tag="300" ind1=" " ind2=" ">
    <subfield code="e"></subfield>
  </datafield>
  <datafield tag="520" ind1="3" ind2=" ">
    <subfield code="a">Se presenta una propuesta pedagógica que tiene como objetivo mejorar la práctica de los docentes y fortalecer el proceso de aprendizaje del inglés como segunda lengua en la educación superior. Se instaura el aprendizaje vivencial como estrategia pedagógica, lo que facilita la implementación de la inmersión lingüística como enfoque metodológico, centrándose en el entorno cultural del estudiante. Se utiliza una metodología cualitativa basada en la investigación acción para intervenir en el aula, empleando técnicas de observación directa y análisis de contenido. La incorporación de la inmersión lingüística promovió una participación activa, despertando el interés de cada estudiante por aprender inglés. Se evidenció un fortalecimiento de la competencia comunicativa en inglés en cada una de las clases. El cambio metodológico en la enseñanza ayudó a involucrar a los estudiantes en el proceso formativo y a fortalecer sus habilidades en el idioma inglés.</subfield>
  </datafield>
  <datafield tag="506" ind1=" " ind2=" ">
    <subfield code="a">Access copy available to the general public</subfield>
    <subfield code="f">Unrestricted</subfield>
  </datafield>
  <datafield tag="540" ind1=" " ind2=" ">
    <subfield code="9">info:eu-repo/semantics/openAccess</subfield>
    <subfield code="a">by-nc-nd</subfield>
    <subfield code="u">http://creativecommons.org/licenses/by-nc-nd/3.0/es/</subfield>
  </datafield>
  <datafield tag="653" ind1="1" ind2=" ">
    <subfield code="a">Aprendizaje vivencial, inmersión lingüística, competencia comunicativa, educación superior.  </subfield>
  </datafield>
  <datafield tag="653" ind1="1" ind2=" ">
    <subfield code="a">Experiential learning, linguistic immersion, communicative competence, higher education.  </subfield>
  </datafield>
  <datafield tag="655" ind1=" " ind2="4">
    <subfield code="a">Comunicación</subfield>
  </datafield>
  <datafield tag="700" ind1=" " ind2=" ">
    <subfield code="a">Solano-Barliza,  Andres</subfield>
    <subfield code="u">Universidad de La Guajira, Colombia</subfield>
  </datafield>
  <datafield tag="700" ind1=" " ind2=" ">
    <subfield code="a">Cuesta-López,  Rosalba</subfield>
    <subfield code="u">Universidad de La Guajira, Colombia</subfield>
  </datafield>
  <datafield tag="700" ind1=" " ind2=" ">
    <subfield code="a">Aarón-Gonzalvez,  Marlin</subfield>
    <subfield code="u">Universidad de La Guajira, Colombia</subfield>
  </datafield>
  <datafield tag="773" ind1=" " ind2=" ">
    <subfield code="d">Zaragoza</subfield>
    <subfield code="g">Actas del VII Congreso Internacional sobre Aprendizaje, Innovación y Cooperación, CINAIC 2023 (18-20 de Octubre de 2023, Madrid, España)



</subfield>
  </datafield>
  <datafield tag="856" ind1="4" ind2=" ">
    <subfield code="s">821046</subfield>
    <subfield code="u">http://zaguan.unizar.es/record/132006/files/105.pdf</subfield>
  </datafield>
  <datafield tag="909" ind1="C" ind2="O">
    <subfield code="o">oai:zaguan.unizar.es:132006</subfield>
    <subfield code="p">comunicaciones-ponencias</subfield>
  </datafield>
  <datafield tag="970" ind1=" " ind2=" ">
    <subfield code="a">COMPON-2023-CINAIC-0105</subfield>
  </datafield>
  <datafield tag="980" ind1=" " ind2=" ">
    <subfield code="a">COMPON</subfield>
  </datafield>
</record>
</collection>